| 000 | 00545nam a2200169 a 4500 | ||
|---|---|---|---|
| 003 | DLC | ||
| 005 | 20210219152716.0 | ||
| 035 | _aUPN01000059358 | ||
| 049 | _aAcervo histórico | ||
| 245 | 0 | 0 |
_aANALES : _bREVISTA OFICIAL DEL CONSEJO NACIONAL DE ENSEÑANZA PRIMARIA Y NORMAL |
| 260 |
_aUruguay : _bCentro Nacional de Documentación y Divulgación Pedagógicas: Consejo Nacional de Enseñanza Primaria |
||
| 362 | 0 | _a1967 34 (1-6,7,8,9,10,11,12) | |
| 362 | 0 | _a1968-70 36 | |
| 653 | 0 | _aEDUCACION BASICA | |
| 905 | _aRevista | ||
| 999 |
_c59351 _d59351 |
||